| 000 | 00475nam a22001817a 4500 | ||
|---|---|---|---|
| 005 | 20260408121845.0 | ||
| 008 | 260408b |||||||| |||| 00| 0 eng d | ||
| 020 |
_a978-93-7212-498-9 _c250. |
||
| 040 | _aMAIN | ||
| 041 | _aeng | ||
| 082 |
_a659.1 _bAHU |
||
| 100 | _aAhuja, Prerna. | ||
| 245 |
_aAdvanced Advertising Management _cBy Prerna Ahuja . |
||
| 260 |
_aNew Delhi: _bKalyani Publishers ; _c2026. |
||
| 300 | _a244p. | ||
| 650 | _aManagement | ||
| 942 |
_2ddc _cBK |
||
| 999 |
_c16330 _d16330 |
||